<?xml version="1.0" encoding="UTF-8"?>
<record
    xmlns:xsi="http://www.w3.org/2001/XMLSchema-instance"
    xsi:schemaLocation="http://www.loc.gov/MARC21/slim http://www.loc.gov/standards/marcxml/schema/MARC21slim.xsd"
    xmlns="http://www.loc.gov/MARC21/slim">

  <leader>00627nam a22001457a 4500</leader>
  <controlfield tag="003">OSt</controlfield>
  <controlfield tag="005">20250808114321.0</controlfield>
  <controlfield tag="008">230919b        |||||||| |||| 00| 0 eng d</controlfield>
  <datafield tag="040" ind1=" " ind2=" ">
    <subfield code="c">CO-JMCR</subfield>
  </datafield>
  <datafield tag="082" ind1="0" ind2="4">
    <subfield code="a">C</subfield>
    <subfield code="b">HERp</subfield>
  </datafield>
  <datafield tag="100" ind1="1" ind2="0">
    <subfield code="a">Panamericana, </subfield>
    <subfield code="e">autor</subfield>
    <subfield code="9">42915</subfield>
  </datafield>
  <datafield tag="245" ind1=" " ind2=" ">
    <subfield code="a">Si yo fuera ... :</subfield>
    <subfield code="b"> h&#xE9;roe de cuentos / </subfield>
  </datafield>
  <datafield tag="520" ind1=" " ind2=" ">
    <subfield code="a">&#xBF;Te imaginas ser el personaje principal de tus cuentos favoritos? con "Si yo fuera... h&#xE9;roe de cuentos" puede ser un caballero medieval que recorre el mundo salvando princesas, o un mago que sabe mucho de hechizos y helados, o un pirata que surca los mares en busca de un tesoro...</subfield>
  </datafield>
  <datafield tag="942" ind1=" " ind2=" ">
    <subfield code="2">ddc</subfield>
    <subfield code="c">BK</subfield>
  </datafield>
  <datafield tag="999" ind1=" " ind2=" ">
    <subfield code="c">30252</subfield>
    <subfield code="d">16636</subfield>
  </datafield>
  <datafield tag="952" ind1=" " ind2=" ">
    <subfield code="0">0</subfield>
    <subfield code="1">0</subfield>
    <subfield code="2">ddc</subfield>
    <subfield code="4">0</subfield>
    <subfield code="7">0</subfield>
    <subfield code="8">FIC</subfield>
    <subfield code="a">CPL</subfield>
    <subfield code="b">CPL</subfield>
    <subfield code="d">2023-09-19</subfield>
    <subfield code="l">4</subfield>
    <subfield code="o">C HERp</subfield>
    <subfield code="p">201811158</subfield>
    <subfield code="r">2025-09-08 10:46:39</subfield>
    <subfield code="s">2025-09-05</subfield>
    <subfield code="t">Ej.1 </subfield>
    <subfield code="w">2023-09-19</subfield>
    <subfield code="y">BK</subfield>
  </datafield>
</record>
